000 00744nam a2200241Ia 4500
003 OSt
005 20221005111331.0
006 a|||||r|||| 00| 0
007 ta
008 221004b |||||||| |||| 00| 0 hin d
024 _a29931
037 _cTextual
040 _aCRL
_cCRL
_bhin
041 _2hin
_ahin
082 _aY:44.2'N, N5
100 _aराजकिशोर
245 0 _aभ्रष्टाचार की चुनौती
246 _aBhraṣhṭāchār kī chunautī
260 _aनई दिल्ली
_bवाणी प्रकाशन भारत
_c1995
300 _a164पृ.
_ccm.
942 _hY:44.2'N, N5
_cTEXL
_2cc
999 _c1021521
_d1021521